Statistics for Modern-Day Countries Conquered by Genghis Khan on a Map

Click here to take the quiz!

General Stats

  • This quiz has been taken 1,047 times
    (977 since last reset)
  • The average score is 13 of 13

Answers on the Map

Answers color-coded by a green-red scale on the quiz's map according to % correct below.
 

Answer Stats

Country% Correct
China
100%
Russia
100%
Mongolia
99%
Kazakhstan
98%
Afghanistan
96%
India
96%
Iran
96%
North Korea
96%
Pakistan
96%
Turkmenistan
96%
Uzbekistan
96%
Tajikistan
95%
Kyrgyzstan
94%

Score Distribution

Percentile by Number Answered

Percent of People with Each Score

Your Score History

You have not taken this quiz since the last reset